00410nam a2200121 4500020001500000082001600015100004700031245007200078260004600150300000800196490002000204650006400224 a9555900442 a615.321 ARA aArambewela,LakshmiaAlagiyawanna,Sachintha aSri Lankan Medicinal Plant monograph and Analysis Vol:6: Aloe Vera aColombobNational cience Foundationc1999 a19p aMonograph Vol:6 aSri lanka, medicinal plant ,Chemistry, Traditional Medicine